| 000 | 01574cam a2200421Ia 4500 | ||
|---|---|---|---|
| 001 | 243694752 | ||
| 003 | SIRSI | ||
| 005 | 20230613212129.0 | ||
| 008 | 080813r20082006nyuab c 000 1 eng d | ||
| 010 | _a 2011288593 | ||
| 020 | _a0545067626 (pbk.) | ||
| 020 | _a9780545067621 (pbk.) | ||
| 020 | _a9780545220781 (pbk.) | ||
| 020 | _a0545220785 (pbk.) | ||
| 040 |
_aIUK _beng _cIUK _dBAKER _dCF8 _dWTX _dBTCTA _dDLC _dIMT _dOCLCQ _dBDX _dCRM |
||
| 041 | _aeng | ||
| 050 | 1 | 4 |
_aPZ7.M507 _bSr 2008 |
| 100 | 1 | _aMeadows, Daisy. | |
| 245 | 1 | 0 |
_aSarah the Sunday fairy / _cby Daisy Meadows. |
| 250 | _aPaperback ed. | ||
| 260 |
_aNew York : _bScholastic, _c[2008], c2006. |
||
| 300 |
_a68 p. : _bill., map ; _c20 cm. |
||
| 500 | _aRainbow magic: The fun day fairies ;v07. | ||
| 500 | _aRainbow magic ;42. | ||
| 520 | _aThere's a flag missing and it belongs to Sarah the Sunday Fairy. Rachel and Kirsty will do anything to get it back, but so will Jack Frost. | ||
| 521 | 1 | _aAges 6-9. | |
| 526 | 0 |
_aAccelerated Reader/Renaissance Learning _bLG _c4.6 _d1. |
|
| 650 | 0 |
_aTate, Kirsty (Fictitious character) _vJuvenile fiction. |
|
| 650 | 0 |
_aWalker, Rachel (Fictitious character) _vJuvenile fiction. |
|
| 650 | 0 |
_aJack Frost (Legendary character) _vJuvenile fiction. |
|
| 650 | 0 |
_aFairies _vJuvenile fiction. |
|
| 650 | 0 |
_aFlags _vJuvenile fiction. |
|
| 650 | 0 |
_aMagic _vJuvenile fiction. |
|
| 655 | 0 | _aFantasy fiction, Juvenile. | |
| 800 | 1 |
_aMeadows, Daisy. _tRainbow magic. _pFun day fairies ; _v07. |
|
| 800 | 1 |
_aMeadows, Daisy. _tRainbow magic ; _v42. |
|
| 942 | _cBK | ||
| 999 |
_c28170 _d28170 |
||